[Event "Santa Cruz de Tenerife op 30th"]
[Site "Santa Cruz de Tenerife"]
[Date "2019.12.23"]
[Round "7"]
[White "Reyes Lopez, Angel"]
[Black "Jimenez Arteaga, Angel"]
[Result "1/2-1/2"]
[WhiteElo "1757"]
[BlackElo "1930"]
[PlyCount "64"]
[EventDate "2019.12.13"]
[EventType "swiss"]
[EventRounds "9"]
[EventCountry "ESP"]
[SourceTitle "CBM 194 Extra"]
[Source "ChessBase"]
[SourceDate "2020.03.31"]
[SourceVersion "1"]
[SourceVersionDate "2020.03.31"]
[SourceQuality "1"]

1. b3 Nf6 2. Bb2 e6 3. f4 d5 4. e3 Be7 5. Nf3 0-0 6. Bd3 c5 7. 0-0 b6 8. Ne5 Bb7 9. Nc3 Ne4 10. Rf3 f6 11. Ng4 f5 12. Ne5 Nd7 13. Nxd7 Qxd7 14. Rh3 Bf6 15. Qe2 g6 16. Rd1 Qg7 17. Bxe4 fxe4 18. Rb1 d4 19. Nd1 Rad8 20. c3 e5 21. fxe5 Bxe5 22. exd4 cxd4 23. Nf2 d3 24. Qe1 Rde8 25. Ng4 Bc8 26. Nxe5 Bxh3 27. c4 Rxe5 28. Qg3 Rfe8 29. gxh3 Qe7 30. Qxe5 Qxe5 31. Bxe5 Rxe5 32. Re1 Kf7 1/2-1/2

[Event "Tenerife-chT Primera 1920"]
[Site "Tenerife "]
[Date "2019.12.14"]
[Round "2.3"]
[White "Jimenez Arteaga, Angel"]
[Black "Cruz Diaz, Felipe"]
[Result "1-0"]
[WhiteElo "1930"]
[BlackElo "1674"]
[PlyCount "83"]
[EventDate "2019.11.30"]
[EventType "team-tourn"]
[EventRounds "14"]
[EventCountry "ESP"]
[SourceTitle "CBM 195 Extra"]
[Source "ChessBase"]
[SourceDate "2020.05.31"]
[SourceVersion "1"]
[SourceVersionDate "2020.05.31"]
[SourceQuality "1"]
[WhiteTeam "Ebano Barrio Nuevo II"]
[BlackTeam "Al Shah Mat Los Realejos II"]
[WhiteTeamCountry "ESP"]
[BlackTeamCountry "ESP"]

1. Nf3 e6 2. c4 f5 3. g3 Nf6 4. Bg2 c6 5. 0-0 d5 6. d4 Bd6 7. b3 Qe7 8. Bb2 0-0 9. Qc1 Nbd7 10. Ba3 c5 11. e3 b6 12. cxd5 exd5 13. Nc3 Bb7 14. dxc5 bxc5 15. Rd1 Nb6 16. Nb5 Rfc8 17. Nxd6 Qxd6 18. Qd2 Ne4 19. Qa5 Qe6 20. Rac1 Nd7 21. Bf1 a6 22. Nd2 d4 23. Bc4 Bd5 24. exd4 Nxd2 25. Bxd5 Qxd5 26. Rxd2 Qc6 27. Bxc5 Re8 28. d5 Qf6 29. Bd4 Qg6 30. Qc7 Rac8 31. Qxc8 Rxc8 32. Rxc8+ Kf7 33. Rc6 Qg5 34. f4 Qg4 35. Kg2 g5 36. Rh6 gxf4 37. Rxh7+ Kf8 38. Rg7 f3+ 39. Kf2 Qe4 40. d6 Qd5 41. Be3 Qe5 42. Re7 1-0

[Event "Tenerife-chT Primera 1920"]
[Site "Tenerife "]
[Date "2019.11.30"]
[Round "1.3"]
[White "Gonzalez Curbelo, Paula"]
[Black "Jimenez Arteaga, Angel"]
[Result "1-0"]
[WhiteElo "1615"]
[BlackElo "1930"]
[PlyCount "108"]
[EventDate "2019.11.30"]
[EventType "team-tourn"]
[EventRounds "14"]
[EventCountry "ESP"]
[SourceTitle "CBM 195 Extra"]
[Source "ChessBase"]
[SourceDate "2020.05.31"]
[SourceVersion "1"]
[SourceVersionDate "2020.05.31"]
[SourceQuality "1"]
[WhiteTeam "Playa San Juan"]
[BlackTeam "Ebano Barrio Nuevo II"]
[WhiteTeamCountry "ESP"]
[BlackTeamCountry "ESP"]

1. d4 Nf6 2. Nf3 e6 3. Bf4 c5 4. c3 b6 5. e3 Bb7 6. Nbd2 Nc6 7. Bd3 Be7 8. Qe2 0-0 9. g4 Nxg4 10. Rg1 f5 11. h3 Nf6 12. Bh6 Ne8 13. 0-0-0 Kh8 14. Bf4 Rc8 15. Kb1 Nf6 16. Nc4 d5 17. Nce5 Nxe5 18. Nxe5 c4 19. Bc2 Qe8 20. Qf3 b5 21. Rg2 Rg8 22. Rdg1 g6 23. Qd1 Bd8 24. Nf3 Bc7 25. Bg5 Kg7 26. Ne5 Nd7 27. Nxd7 Qxd7 28. h4 Kf7 29. Bh6 Bd8 30. h5 Bf6 31. hxg6+ hxg6 32. Qf3 Qe8 33. Rh2 Ke7 34. Bf4 Qf7 35. Rgh1 Rh8 36. Qg3 a6 37. Bd6+ Kd7 38. Bc5 e5 39. Bb4 Rxh2 40. Rxh2 Re8 41. Rh6 f4 42. Qg4+ Qe6 43. Rh7+ Kc6 44. Qd1 g5 45. Ba5 Re7 46. Rh6 fxe3 47. fxe3 Qf7 48. a3 Bc8 49. Qg1 Kb7 50. Qh1 Be6 51. Rh7 Qe8 52. Rh6 Bg7 53. Rh2 Bf5 54. Qxd5+ Qc6 1-0

[Event "Tenerife-ch"]
[Site "Tenerife"]
[Date "2019.04.25"]
[Round "8"]
[White "Jimenez Arteaga, Angel"]
[Black "Hernandez Leon, Alberto"]
[Result "0-1"]
[WhiteElo "1932"]
[BlackElo "2280"]
[PlyCount "100"]
[EventDate "2019.04.03"]
[EventType "tourn"]
[EventRounds "9"]
[EventCountry "ESP"]
[SourceTitle "CBM 190 Extra"]
[Source "ChessBase"]
[SourceDate "2019.07.15"]
[SourceVersion "1"]
[SourceVersionDate "2019.07.15"]
[SourceQuality "1"]

1. Nf3 Nf6 2. c4 c6 3. d4 d5 4. cxd5 cxd5 5. g3 Nc6 6. Bg2 Qb6 7. 0-0 Bg4 8. e3 e6 9. Nc3 Be7 10. b3 Ne4 11. Na4 Qa5 12. h3 Bh5 13. g4 Bg6 14. Bb2 0-0 15. Rc1 Rfc8 16. a3 b5 17. Nc5 b4 18. axb4 Nxb4 19. Nxe4 Bxe4 20. Rxc8+ Rxc8 21. Qa1 Qb6 22. Rc1 Rxc1+ 23. Qxc1 Nd3 24. Qc8+ Qd8 25. Qxd8+ Bxd8 26. Ba3 Ba5 27. Kf1 f6 28. Nh4 Bb4 29. Bxb4 Nxb4 30. Bxe4 dxe4 31. Ng2 e5 32. dxe5 fxe5 33. Ne1 Kf7 34. Ke2 Ke6 35. Kd2 Kd5 36. Kc3 a5 37. Kd2 Kc5 38. Nc2 Nd3 39. f3 Nf2 40. f4 Nxh3 41. fxe5 Kd5 42. Ke2 Ng5 43. Na3 Kc5 44. Kd2 Nf3+ 45. Kc3 Nxe5 46. Nc2 Nxg4 47. Kd2 Ne5 48. Nd4 Nf3+ 49. Nxf3 exf3 50. Ke1 Kd5 0-1

[Event "Tenerife-ch"]
[Site "Tenerife"]
[Date "2019.04.24"]
[Round "7"]
[White "Rodriguez Redondo, Adhara"]
[Black "Jimenez Arteaga, Angel"]
[Result "0-1"]
[WhiteElo "1953"]
[BlackElo "1932"]
[PlyCount "144"]
[EventDate "2019.04.03"]
[EventType "tourn"]
[EventRounds "9"]
[EventCountry "ESP"]
[SourceTitle "CBM 190 Extra"]
[Source "ChessBase"]
[SourceDate "2019.07.15"]
[SourceVersion "1"]
[SourceVersionDate "2019.07.15"]
[SourceQuality "1"]

1. e4 e5 2. Nf3 Nf6 3. Nxe5 d6 4. Nf3 Nxe4 5. Nc3 Nxc3 6. dxc3 Be7 7. Be3 Bg4 8. Qd2 Nc6 9. 0-0-0 Qd7 10. Be2 0-0-0 11. h3 Be6 12. a3 Kb8 13. Nd4 Nxd4 14. Qxd4 c5 15. Qf4 Qc7 16. g4 d5 17. Qxc7+ Kxc7 18. f4 f5 19. Bf3 Rd7 20. gxf5 Bxf5 21. Rxd5 Rxd5 22. Bxd5 Rf8 23. Bg2 Rf6 24. Rd1 b6 25. Bd2 Rg6 26. Bd5 Rg3 27. c4 Rxh3 28. Bc3 Bd6 29. Rf1 g6 30. Rf2 Re3 31. Kd2 Re8 32. Bf6 Kd7 33. Bg5 h5 34. c3 Be7 35. Bxe7 Rxe7 36. Rh2 Kd6 37. Rh4 Bg4 38. Rh2 Kd7 39. b4 Ke8 40. a4 Kf8 41. Kd3 Re1 42. bxc5 bxc5 43. Rb2 Bf5+ 44. Kd2 Re7 45. Rb8+ Kg7 46. Rg8+ Kh6 47. Rh8+ Rh7 48. Re8 h4 49. Ke3 h3 50. Kf2 Bd7 51. Re5 Bxa4 52. Kg3 Bd7 53. Bh1 Rf7 54. Rxc5 Kg7 55. Re5 Kf8 56. c5 Rf5 57. c6 Rxe5 58. fxe5 Bc8 59. Bd5 Ke7 60. c4 a5 61. c5 a4 62. Kh2 a3 63. Kg3 Bf5 64. Ba2 g5 65. Kh2 g4 66. Bd5 Bb1 67. c7 Kd7 68. e6+ Kxc7 69. c6 Kd6 70. Kg3 a2 71. Bxa2 Bxa2 72. Kxg4 h2 0-1

[Event "Tenerife-chT Primera 1819"]
[Site "Tenerife"]
[Date "2019.03.23"]
[Round "11.2"]
[White "Marrero Martin, Manuel"]
[Black "Jimenez Arteaga, Angel"]
[Result "0-1"]
[WhiteElo "1829"]
[BlackElo "1839"]
[PlyCount "108"]
[EventDate "2018.11.24"]
[EventType "team-tourn"]
[EventRounds "14"]
[EventCountry "ESP"]
[SourceTitle "CBM 189 Extra"]
[Source "ChessBase"]
[SourceDate "2019.06.03"]
[SourceVersion "1"]
[SourceVersionDate "2019.06.03"]
[SourceQuality "1"]
[WhiteTeam "El Sauzal Libreria Barco"]
[BlackTeam "Ebano Barrio Nuevo"]
[WhiteTeamCountry "ESP"]
[BlackTeamCountry "ESP"]

1. d4 d5 2. Nc3 e6 3. e4 dxe4 4. f3 Bb4 5. a3 Ba5 6. Bf4 Nf6 7. Nge2 Nc6 8. Qd2 e5 9. b4 Bb6 10. dxe5 Qxd2+ 11. Kxd2 exf3 12. exf6 fxe2 13. Bxe2 gxf6 14. Nd5 0-0 15. Nxf6+ Kh8 16. Bd3 Bd4 17. Nxh7 Rg8 18. Rae1 Rxg2+ 19. Kc1 Be6 20. Ng5 Bd5 21. Rhf1 f6 22. Ne4 Ne5 23. Bxe5 fxe5 24. h4 Rd8 25. Rf5 c6 26. Rh5+ Kg7 27. Ng5 Rh8 28. Rxh8 Kxh8 29. Ne4 Rh2 30. Nd6 Bc3 31. Rf1 Rxh4 32. Nxb7 e4 33. Be2 e3 34. Nc5 Rh2 35. Kd1 Bb2 36. a4 Rh4 37. Nd3 Bc3 38. Rf4 Rh1+ 39. Rf1 Rh2 40. Rf4 Kg7 41. Rf1 Kh6 42. Rf4 Kg5 43. Rf1 Rh4 44. Rg1+ Kf6 45. Rf1+ Ke7 46. Nf4 Bf7 47. b5 Be5 48. Nd3 Bd6 49. bxc6 Rxa4 50. Bf3 Bc7 51. Ke2 Bb6 52. Ne5 Be6 53. Rh1 Kd6 54. Rd1+ Kxe5 0-1

[Event "Santa Cruz de Tenerife Primavera op"]
[Site "Santa Cruz de Tenerife"]
[Date "2019.03.20"]
[Round "5"]
[White "Ramos Aguilar, Jose Manuel"]
[Black "Jimenez Arteaga, Angel"]
[Result "1-0"]
[WhiteElo "2103"]
[BlackElo "1921"]
[PlyCount "95"]
[EventDate "2019.03.11"]
[EventType "swiss"]
[EventRounds "9"]
[EventCountry "ESP"]
[SourceTitle "CBM 190 Extra"]
[Source "ChessBase"]
[SourceDate "2019.07.15"]
[SourceVersion "1"]
[SourceVersionDate "2019.07.15"]
[SourceQuality "1"]

1. c4 Nf6 2. Nf3 c6 3. Nc3 d5 4. e3 Bf5 5. Qb3 Qb6 6. Qxb6 axb6 7. cxd5 cxd5 8. Bb5+ Bd7 9. d4 Bxb5 10. Nxb5 Na6 11. Bd2 Rc8 12. Ke2 e6 13. Rhc1 Rb8 14. Ne5 Ne4 15. Be1 f6 16. Nd3 Kd7 17. f3 Nd6 18. Nc3 Ra8 19. e4 dxe4 20. fxe4 Nc8 21. Bg3 Bd6 22. e5 Bb8 23. Rc2 Ne7 24. Rac1 f5 25. Bf2 Nc7 26. Nf4 Ned5 27. Nfxd5 Nxd5 28. Nxd5 exd5 29. a3 Re8 30. Kd3 h6 31. h4 h5 32. Be3 Ra4 33. Rc3 Ra6 34. Bf4 Rd8 35. Bg5 Re8 36. Bf4 Rd8 37. g3 Ra8 38. Rb3 Ra6 39. Rb5 Ke6 40. a4 Rd7 41. Rc8 Bc7 42. b3 Bd8 43. Ke3 g6 44. Bg5 Bxg5+ 45. hxg5 Kf7 46. Kf4 Ke6 47. Rf8 Rg7 48. Rf6+ 1-0

[Event "Tenerife-chT Primera 1819"]
[Site "Tenerife"]
[Date "2019.03.16"]
[Round "10.1"]
[White "Brito Rodriguez, Cristian"]
[Black "Jimenez Arteaga, Angel"]
[Result "0-1"]
[WhiteElo "1633"]
[BlackElo "1839"]
[PlyCount "122"]
[EventDate "2018.11.24"]
[EventType "team-tourn"]
[EventRounds "14"]
[EventCountry "ESP"]
[SourceTitle "CBM 189 Extra"]
[Source "ChessBase"]
[SourceDate "2019.06.03"]
[SourceVersion "1"]
[SourceVersionDate "2019.06.03"]
[SourceQuality "1"]
[WhiteTeam "Benito"]
[BlackTeam "Ebano Barrio Nuevo"]
[WhiteTeamCountry "ESP"]
[BlackTeamCountry "ESP"]

1. c4 Nf6 2. Nc3 c5 3. Nf3 Nc6 4. g3 g6 5. Bg2 Bg7 6. 0-0 0-0 7. Rb1 d5 8. cxd5 Nxd5 9. Ne1 Be6 10. Qa4 a6 11. Qa3 c4 12. Nc2 Rc8 13. Rd1 Nb6 14. Ne3 Be5 15. Ne4 Qc7 16. b3 cxb3 17. axb3 Nd4 18. Kf1 Nc2 19. Nxc2 Qxc2 20. Bb2 Bxb2 21. Qxb2 Qxb2 22. Rxb2 Bd5 23. Nc3 Bc6 24. Rc2 Rfd8 25. d4 Bxg2+ 26. Kxg2 Nd5 27. Rdc1 Nxc3 28. Rxc3 Rxc3 29. Rxc3 Rxd4 30. Rc7 Rb4 31. Rxe7 Rxb3 32. Re8+ Kg7 33. Rb8 Kf6 34. e3 a5 35. Ra8 b6 36. Ra6 Ke6 37. Kf3 f5 38. Kf4 Kf6 39. h4 h6 40. Kf3 Rb2 41. Kg2 g5 42. hxg5+ hxg5 43. Ra8 g4 44. Rf8+ Ke6 45. Re8+ Kf7 46. Ra8 Rb5 47. Kf1 Ke6 48. f3 Kd5 49. fxg4 fxg4 50. Ke2 Rb2+ 51. Kd3 Rg2 52. e4+ Ke5 53. Re8+ Kd6 54. Kd4 Rxg3 55. e5+ Kd7 56. Rb8 Rb3 57. Rg8 Ke6 58. Re8+ Kf7 59. Ra8 g3 60. Ra7+ Ke6 61. Rg7 Rb4+ 0-1

[Event "Tenerife-chT Primera 1819"]
[Site "Tenerife"]
[Date "2019.01.19"]
[Round "5.1"]
[White "Jimenez Arteaga, Angel"]
[Black "Lopez Reboso, Hector Emilio"]
[Result "1/2-1/2"]
[WhiteElo "1839"]
[BlackElo "1996"]
[PlyCount "39"]
[EventDate "2018.11.24"]
[EventType "team-tourn"]
[EventRounds "14"]
[EventCountry "ESP"]
[SourceTitle "CBM 189 Extra"]
[Source "ChessBase"]
[SourceDate "2019.06.03"]
[SourceVersion "1"]
[SourceVersionDate "2019.06.03"]
[SourceQuality "1"]
[WhiteTeam "Ebano Barrio Nuevo"]
[BlackTeam "Universidad"]
[WhiteTeamCountry "ESP"]
[BlackTeamCountry "ESP"]

1. Nf3 Nf6 2. c4 c5 3. Nc3 Nc6 4. d4 cxd4 5. Nxd4 g6 6. g3 Bg7 7. Bg2 0-0 8. 0-0 h6 9. Nc2 a5 10. e4 d6 11. b3 Nb4 12. Bb2 Bg4 13. Qd2 Qc8 14. Rfe1 Nxc2 15. Qxc2 Bh3 16. Bh1 h5 17. Rad1 Bh6 18. Nb5 Ng4 19. Rd5 Kh7 20. Bd4 1/2-1/2

[Event "Tenerife-chT Primera 1819"]
[Site "Tenerife"]
[Date "2019.01.12"]
[Round "4.1"]
[White "Rodriguez Falcon, Jesus Manuel"]
[Black "Jimenez Arteaga, Angel"]
[Result "1-0"]
[WhiteElo "1944"]
[BlackElo "1839"]
[PlyCount "69"]
[EventDate "2018.11.24"]
[EventType "team-tourn"]
[EventRounds "14"]
[EventCountry "ESP"]
[SourceTitle "CBM 189 Extra"]
[Source "ChessBase"]
[SourceDate "2019.06.03"]
[SourceVersion "1"]
[SourceVersionDate "2019.06.03"]
[SourceQuality "1"]
[WhiteTeam "El Sauzal Libreria Barco"]
[BlackTeam "Ebano Barrio Nuevo"]
[WhiteTeamCountry "ESP"]
[BlackTeamCountry "ESP"]

1. e4 c5 2. Nf3 e6 3. d3 Nc6 4. g3 d5 5. Nbd2 Nf6 6. Bg2 Be7 7. 0-0 0-0 8. Re1 Re8 9. Qe2 b6 10. e5 Nd7 11. Nf1 f6 12. exf6 Bxf6 13. c3 Bb7 14. Ne3 Nf8 15. Ng4 e5 16. Qc2 Rc8 17. h4 Rc7 18. Bg5 Bxg5 19. Nxg5 h6 20. Nf3 Rce7 21. Rad1 Bc8 22. Ne3 Be6 23. Qa4 Qd6 24. Nd2 Rc7 25. c4 d4 26. Nd5 Bxd5 27. cxd5 b5 28. Qxb5 Rb8 29. Qa4 Nb4 30. Nc4 Qd7 31. Qxd7 Nxd7 32. Nxe5 Nxe5 33. Rxe5 Nxa2 34. d6 Rd7 35. Bd5+ 1-0

[Event "Santa Cruz de Tenerife Autumn op"]
[Site "Santa Cruz de Tenerife"]
[Date "2018.10.31"]
[Round "9"]
[White "Diaz Reyes, Killian"]
[Black "Jimenez Arteaga, Angel"]
[Result "1/2-1/2"]
[WhiteElo "1732"]
[BlackElo "1839"]
[PlyCount "55"]
[EventDate "2018.10.15"]
[EventType "swiss"]
[EventRounds "9"]
[EventCountry "ESP"]
[SourceTitle "CBM 187 Extra"]
[Source "ChessBase"]
[SourceDate "2018.11.04"]
[SourceVersion "1"]
[SourceVersionDate "2018.11.04"]
[SourceQuality "1"]

1. e4 c5 2. Nf3 e6 3. d4 cxd4 4. Nxd4 Nc6 5. Nc3 a6 6. Be3 Qc7 7. Be2 Nf6 8. 0-0 Bb4 9. Bf3 Ne5 10. Bf4 Nxf3+ 11. Qxf3 e5 12. Bg3 d6 13. Nf5 Bxf5 14. exf5 Bxc3 15. bxc3 Rc8 16. Rad1 0-0 17. Bh4 e4 18. Qg3 d5 19. Qxc7 Rxc7 20. Bxf6 gxf6 21. Rxd5 Rxc3 22. Rd7 Rxc2 23. Rxb7 Rxa2 24. Re7 Re2 25. Ra7 Rc8 26. Rxa6 e3 27. Ra3 exf2+ 28. Rxf2 1/2-1/2

[Event "Santa Cruz de Tenerife Autumn op"]
[Site "Santa Cruz de Tenerife"]
[Date "2018.10.30"]
[Round "8"]
[White "Jimenez Arteaga, Angel"]
[Black "Perez Felipe, Marcos Adrian"]
[Result "0-1"]
[WhiteElo "1839"]
[BlackElo "2117"]
[PlyCount "78"]
[EventDate "2018.10.15"]
[EventType "swiss"]
[EventRounds "9"]
[EventCountry "ESP"]
[SourceTitle "CBM 187 Extra"]
[Source "ChessBase"]
[SourceDate "2018.11.04"]
[SourceVersion "1"]
[SourceVersionDate "2018.11.04"]
[SourceQuality "1"]

1. Nf3 c5 2. c4 Nc6 3. d4 cxd4 4. Nxd4 Nf6 5. Nc3 e6 6. g3 Qb6 7. Nc2 Ne5 8. b3 Nfg4 9. Ne3 Bb4 10. Qc2 Qd4 11. Bd2 Nxe3 12. fxe3 Qb6 13. a3 Be7 14. Bg2 d6 15. e4 Ng4 16. Nd1 Bf6 17. Bc3 Bxc3+ 18. Qxc3 0-0 19. h3 Ne5 20. Ne3 Bd7 21. 0-0 Rfd8 22. Kh2 Qc7 23. Qb2 Qc5 24. Nc2 b5 25. cxb5 Bxb5 26. Rfe1 h5 27. Nd4 h4 28. g4 Ng6 29. Nxb5 Qxb5 30. e3 Rab8 31. Rab1 Qd3 32. b4 Ne5 33. Qb3 Qd2 34. Rf1 Rbc8 35. Rb2 Qc3 36. Rd1 Qc7 37. Kg1 Qb6 38. Kf2 Nc4 39. Rc2 Nxe3 0-1

[Event "Santa Cruz de Tenerife Autumn op"]
[Site "Santa Cruz de Tenerife"]
[Date "2018.10.29"]
[Round "7"]
[White "Hernandez Leon, Sergio"]
[Black "Jimenez Arteaga, Angel"]
[Result "1/2-1/2"]
[WhiteElo "2165"]
[BlackElo "1839"]
[PlyCount "101"]
[EventDate "2018.10.15"]
[EventType "swiss"]
[EventRounds "9"]
[EventCountry "ESP"]
[SourceTitle "CBM 187 Extra"]
[Source "ChessBase"]
[SourceDate "2018.11.04"]
[SourceVersion "1"]
[SourceVersionDate "2018.11.04"]
[SourceQuality "1"]

1. e4 c5 2. Nc3 Nc6 3. Bb5 Nd4 4. Nf3 Nxb5 5. Nxb5 d6 6. d4 cxd4 7. Qxd4 Bd7 8. a4 a6 9. Nc3 Nf6 10. 0-0 e5 11. Qd3 h6 12. a5 Rc8 13. Be3 Qc7 14. Bb6 Qc4 15. Nd2 Qxd3 16. cxd3 Be6 17. Rac1 Be7 18. Nd5 Kd7 19. Nc7 d5 20. Rc2 Bd6 21. Rfc1 Ke7 22. Bc5 Kd7 23. Bxd6 Kxd6 24. exd5 Bxd5 25. Nxd5 Rxc2 26. Rxc2 Nxd5 27. Nc4+ Ke6 28. Re2 f6 29. d4 Nf4 30. Rd2 e4 31. f3 f5 32. fxe4 fxe4 33. d5+ Nxd5 34. Rd4 Nf6 35. Rd6+ Kf5 36. h3 Rc8 37. b3 Rc6 38. Rd8 Ke6 39. Kf2 Nd5 40. Re8+ Ne7 41. Ke3 Kd7 42. Rb8 Kc7 43. Re8 Re6 44. Rf8 Nd5+ 45. Ke2 Re7 46. Ne3 Nxe3 47. Kxe3 Kc6 48. Rf5 Re6 49. b4 g6 50. Rc5+ Kd6 51. Rc8 1/2-1/2

[Event "Santa Cruz de Tenerife Autumn op"]
[Site "Santa Cruz de Tenerife"]
[Date "2018.10.26"]
[Round "6"]
[White "Jimenez Arteaga, Angel"]
[Black "Lopez Pereyra, Antonio"]
[Result "1-0"]
[WhiteElo "1839"]
[BlackElo "2102"]
[PlyCount "71"]
[EventDate "2018.10.15"]
[EventType "swiss"]
[EventRounds "9"]
[EventCountry "ESP"]
[SourceTitle "CBM 187 Extra"]
[Source "ChessBase"]
[SourceDate "2018.11.04"]
[SourceVersion "1"]
[SourceVersionDate "2018.11.04"]
[SourceQuality "1"]

1. Nf3 f5 2. b3 d6 3. d4 Nf6 4. Bb2 e6 5. g3 Be7 6. Bg2 0-0 7. c4 Qe8 8. Nc3 Qh5 9. 0-0 Ne4 10. Qc2 Nxc3 11. Bxc3 Bf6 12. e4 fxe4 13. Qxe4 Nc6 14. Rae1 Kh8 15. Re3 d5 16. Qc2 a5 17. c5 Bd7 18. Qb2 g5 19. h3 g4 20. hxg4 Qxg4 21. Nh2 Qg7 22. Nf3 Rae8 23. Rfe1 Bg5 24. R3e2 Re7 25. Ne5 Nxe5 26. Rxe5 Ref7 27. R5e2 Bb5 28. Rxe6 Rxf2 29. Qxf2 Rxf2 30. Kxf2 h5 31. Bxd5 h4 32. Bxb7 hxg3+ 33. Kg2 Qf7 34. Bf3 Bd7 35. d5+ Kg8 36. Rh1 1-0

[Event "Santa Cruz de Tenerife Verano op"]
[Site "Santa Cruz de Tenerife"]
[Date "2018.09.14"]
[Round "9"]
[White "Rodriguez Redondo, Ethan"]
[Black "Jimenez Arteaga, Angel"]
[Result "1-0"]
[WhiteElo "1995"]
[BlackElo "1822"]
[PlyCount "115"]
[EventDate "2018.08.20"]
[EventType "swiss"]
[EventRounds "9"]
[EventCountry "ESP"]
[SourceTitle "CBM 186 Extra"]
[Source "ChessBase"]
[SourceDate "2018.08.24"]
[SourceVersion "1"]
[SourceVersionDate "2018.08.24"]
[SourceQuality "1"]

1. d4 d5 2. Nc3 Nf6 3. Bg5 Nbd7 4. Nf3 c6 5. e3 g6 6. Bd3 Bg7 7. 0-0 0-0 8. a4 a5 9. Re1 Re8 10. e4 dxe4 11. Nxe4 Nxe4 12. Bxe4 Nf6 13. Bd3 Bg4 14. c3 Qd6 15. h3 Be6 16. Ne5 Nd5 17. Nc4 Qd7 18. Qe2 Ra7 19. Rad1 Bf5 20. Bxf5 Qxf5 21. Nd6 Qxg5 22. Nxe8 Ra8 23. Nxg7 Kxg7 24. Qe5+ Qxe5 25. Rxe5 e6 26. g3 b6 27. Kg2 Rd8 28. Kf3 Kf6 29. Ree1 Ke7 30. g4 g5 31. h4 h6 32. hxg5 hxg5 33. Rh1 Nf4 34. Ke4 Kd6 35. Rh7 Ke7 36. Rdh1 Kf6 37. Rh8 Rd6 38. Rb8 c5 39. Rb7 Kg7 40. Rc7 cxd4 41. cxd4 Nd5 42. Rc4 Nb4 43. Rhc1 Kg6 44. Rc7 f5+ 45. Ke5 Rd5+ 46. Kxe6 fxg4 47. Rd7 Rxd7 48. Kxd7 Kf5 49. Kc7 Nd3 50. Rc2 Ke4 51. Kxb6 Kxd4 52. Kxa5 Nxf2 53. Rxf2 Ke3 54. Rg2 Kf3 55. Rg1 g3 56. Kb5 Kf2 57. Rxg3 Kxg3 58. a5 1-0

[Event "San Cristobal de La Laguna op 1st"]
[Site "San Cristobal de La Laguna"]
[Date "2018.09.02"]
[Round "4"]
[White "Tornay Gomez, Josu"]
[Black "Jimenez Arteaga, Angel"]
[Result "0-1"]
[WhiteElo "2074"]
[BlackElo "1822"]
[PlyCount "116"]
[EventDate "2018.08.31"]
[EventType "swiss"]
[EventRounds "9"]
[EventCountry "ESP"]
[SourceTitle "CBM 186 Extra"]
[Source "ChessBase"]
[SourceDate "2018.08.24"]
[SourceVersion "1"]
[SourceVersionDate "2018.08.24"]
[SourceQuality "1"]

1. e4 c5 2. Nc3 Nc6 3. f4 e6 4. Nf3 d5 5. exd5 exd5 6. d4 c4 7. Be2 Bb4 8. 0-0 Bxc3 9. bxc3 Nge7 10. Ne5 0-0 11. g4 f5 12. g5 Nxe5 13. dxe5 Be6 14. Be3 b6 15. Bf3 Qc7 16. Qd2 Rfd8 17. Qf2 Rd7 18. Rfb1 Nc6 19. Rb5 Rad8 20. Rd1 Qb7 21. Qg2 Ne7 22. Rdb1 Qa6 23. R5b2 Nc6 24. Qf1 g6 25. a4 Rc8 26. Qd1 Kf8 27. Qe1 Re8 28. a5 Nxa5 29. Ra1 Qc8 30. Rb5 Nc6 31. Bc1 Kg8 32. Ba3 Nd8 33. Bb4 Qc6 34. Rba5 bxa5 35. Rxa5 Nf7 36. Qa1 Rb8 37. Rc5 Qb6 38. Kg2 Nd8 39. Ra5 Rbb7 40. Ra6 Qe3 41. Ba5 Kf7 42. Bb4 Qxf4 43. Qa5 Qxg5+ 44. Kf2 Rbc7 45. Bd6 Qd2+ 46. Be2 Rb7 47. Bb4 Rdc7 48. Rd6 Rd7 49. Qc5 Qh6 50. Ba5 Rxd6 51. Qxd6 Rd7 52. Qc5 Nb7 53. Qxa7 Nxa5 54. Qxa5 Qxh2+ 55. Ke3 Qxe5+ 56. Kd2 Qf4+ 57. Ke1 Qc1+ 58. Bd1 f4 0-1

[Event "Tenerife-chT Primera 1718"]
[Site "Tenerife"]
[Date "2018.04.07"]
[Round "14.1"]
[White "Hoyas Cebrian, Lucas"]
[Black "Jimenez Arteaga, Angel"]
[Result "1-0"]
[WhiteElo "1864"]
[BlackElo "1807"]
[PlyCount "63"]
[EventDate "2017.11.11"]
[EventType "team-tourn"]
[EventRounds "14"]
[EventCountry "ESP"]
[SourceTitle "EXT 2021"]
[Source "ChessBase"]
[SourceDate "2020.10.23"]
[SourceVersion "1"]
[SourceVersionDate "2020.10.23"]
[SourceQuality "1"]
[WhiteTeam "La Victoria 94 II"]
[BlackTeam "Ebano Casa Venezuela III"]
[WhiteTeamCountry "ESP"]
[BlackTeamCountry "ESP"]

1. d4 d5 2. e3 Bf5 3. c4 c6 4. Qb3 Qd7 5. cxd5 cxd5 6. Nc3 e6 7. Nf3 f6 8. Bb5 Nc6 9. 0-0 Bd6 10. Re1 a6 11. Bxc6 bxc6 12. e4 dxe4 13. Nxe4 Bxe4 14. Rxe4 Kf7 15. Bf4 Rb8 16. Qe3 Ne7 17. Bxd6 Qxd6 18. Re1 Nd5 19. Rxe6 Qd7 20. Qc1 Rhc8 21. b3 Qxe6 22. Rxe6 Kxe6 23. g3 Kd7 24. Qc5 Rc7 25. Nd2 Rb5 26. Qf8 Ke6 27. Ne4 Rb4 28. Qe8+ Kf5 29. Nd6+ Kg5 30. h4+ Kg4 31. Kg2 g6 32. Qe2# 1-0

[Event "Tenerife-ch"]
[Site "Tenerife"]
[Date "2018.04.06"]
[Round "3"]
[White "Jimenez Arteaga, Angel"]
[Black "Hernandez Leon, Sergio"]
[Result "0-1"]
[WhiteElo "1848"]
[BlackElo "2175"]
[PlyCount "62"]
[EventDate "2018.04.02"]
[EventType "tourn"]
[EventRounds "9"]
[EventCountry "ESP"]
[SourceTitle "EXT 2024"]
[Source "ChessBase"]
[SourceDate "2023.10.10"]
[SourceVersion "1"]
[SourceVersionDate "2023.10.10"]
[SourceQuality "1"]

1. Nf3 f5 2. d4 Nf6 3. c4 g6 4. g3 Bg7 5. Bg2 d6 6. 0-0 0-0 7. Nc3 c6 8. b3 Na6 9. Bb2 Qc7 10. Rc1 Rd8 11. e3 e5 12. a3 Qe7 13. Qc2 e4 14. Nd2 Nc7 15. Rfe1 Ne6 16. b4 d5 17. c5 g5 18. f4 Ng4 19. Nd1 gxf4 20. gxf4 Qh4 21. Re2 Qxh2+ 22. Kf1 Qg3 23. Kg1 Qh2+ 24. Kf1 Qh5 25. Nf2 Nh2+ 26. Ke1 Nf3+ 27. Kf1 Bf6 28. Nh3 Bh4 29. Nb3 Kh8 30. Qd1 Rg8 31. Rcc2 Rxg2 0-1

[Event "Tenerife-ch"]
[Site "Tenerife"]
[Date "2018.04.04"]
[Round "2"]
[White "Rodriguez Redondo, Adhara"]
[Black "Jimenez Arteaga, Angel"]
[Result "1-0"]
[WhiteElo "1862"]
[BlackElo "1848"]
[PlyCount "53"]
[EventDate "2018.04.02"]
[EventType "tourn"]
[EventRounds "9"]
[EventCountry "ESP"]
[SourceTitle "EXT 2024"]
[Source "ChessBase"]
[SourceDate "2023.10.10"]
[SourceVersion "1"]
[SourceVersionDate "2023.10.10"]
[SourceQuality "1"]

1. e4 c6 2. Nf3 d5 3. exd5 cxd5 4. Ne5 Nc6 5. Bb5 Qc7 6. d4 a6 7. Bxc6+ bxc6 8. 0-0 Nf6 9. Nd2 e6 10. f4 Bd6 11. c3 0-0 12. Rf3 c5 13. Rh3 g6 14. Qe1 h5 15. Ndf3 Bb7 16. Rh4 Kg7 17. Ng5 Bxe5 18. fxe5 Nd7 19. Qf2 Rae8 20. Qf4 Qd8 21. Nxf7 Rxf7 22. Qh6+ Kg8 23. Qxg6+ Rg7 24. Qxh5 Qe7 25. Qh8+ Kf7 26. Rf4+ Kg6 27. Rg4+ 1-0